| 000 | 01445nam0a2200361 4500 | ||
|---|---|---|---|
| 001 | RU\NLR\BIBL_A\010704560 | ||
| 005 | 20260406152539.0 | ||
| 010 |
_a978-5-00034-098-1 _bв пер. _94000 |
||
| 021 |
_aRU _b2015-7049 _9441 |
||
| 035 | _a(NILC)RuMoRGB-007875613 | ||
| 035 | _a(NLR Aleph) 010704560 | ||
| 090 |
_a9736397 _c9736397 |
||
| 100 | _a20150320d2014 |||y0rusy50 ca | ||
| 101 | 1 |
_arus _ceng |
|
| 102 | _aRU | ||
| 105 | _aa|||z||||||a| | ||
| 200 | 1 |
_aМаугли _e[для детей среднего школьного возраста] _fРедьярд Киплинг _g[пер. с англ. Л. Очаповского] _gхудож. А. Шахгелдян |
|
| 210 |
_aМосква _cМир Искателя _d2014 |
||
| 215 |
_a174, [1] с., [6] л. цв. ил. _cил. _d22 |
||
| 225 | 1 | _aШкольная библиотека | |
| 300 | _aПечатается без сокращений | ||
| 333 | _a12+ | ||
| 675 | _a821.111-93 | ||
| 686 | 0 | _aШ9(4Вл)62-4 | |
| 700 | 1 |
_7ca _8rus _aКиплинг _bР. _f1865-1936 _gРедьярд _9115925 _3RU\NLR\AUTH\775969 |
|
| 702 | 1 |
_4040 _7ca _8rus _aШахгелдян _bА. А. _cхудожник _f1958-2008 _gАлександр Араратович _935445 _3RU\NLR\AUTH\7752512 |
|
| 801 | 0 |
_aRU _bRuMoRKP _c20090318 _gRCR |
|
| 801 | 2 |
_aRU _bРГБ _c20150225 _grcr |
|
| 942 | _cBOOK | ||
| 980 | _aNB | ||